000 006260000a22001930004500
020 _a84-7151-407-9
041 0 _aSPA
082 0 4 _aG 266.001 S4771b
100 1 _aSenior, Donald
245 1 0 _aBiblia y misión : Fundamentos bíblicos de la misión / Donald Senior, Carroll Stuhlmueller ; Constantino Ruiz Garrido, Traductor
260 _aNavarra, Estela, España : Verbo Divino
300 _a479 Pag
500 _aTitulo original : The biblical foundations for mission
001 7422
942 _cBK
999 _c37636
_d37636
336 _atexto
_btxt
_2rdacontent
337 _2rdamedia
_asin mediación
_bn
338 _2rdacarrier
_avolumen
_bnc